000 00242nam a22000977a 4500
082 _a823
245 _aDRAMA FOR YOUTH AND CHILDREN
246 _aDRAMA FOR YOUTH AND CHILDREN
_bDRAMA FOR YOUTH AND CHILDREN
650 _aENGLISH STORY
942 _cBK
999 _c8848
_d8848